000 01215nam a22002657a 4500
008 081205t xxu||||| |||| 00| 0 eng d
010 _aENG-92043-44
020 _c1600.00(set of 2 vols.)
_a9788184881066 (set)
035 _aEN-75576-77
037 _bDBAD / PUB
040 _adpl
_bEnglish
082 _a338.4791
245 _aTourism management and marketing /
_cedited by Manpal Singh
260 _aMumbai
_bHimalaya Books
_c2008
270 _aRamdoot, Dr, Bhalerao Marg, Girgaon,
_bMumbai
_e400004
300 _a2v. (ix, 318p.; ix, 329p.)
_c22cm (Hb)
500 _aIncludes bibliographical references
500 _aIt is a set of 2 vols. and set price is Rs.1600.00
650 _aTourism
_xManagement
650 _aTourism
_xMarketing
700 _aManpal, Singh
942 _2ddc
_cEN
_mTOU
_h338.4791
999 _c19543
_d19543